| 000 | 02944cam a22004814i 4500 | ||
|---|---|---|---|
| 003 | PE-LiUPU | ||
| 005 | 20250731173424.0 | ||
| 008 | 150706s2009 txu r 000 0 spa d | ||
| 020 | _a9780311430604 | ||
| 035 | _a(Sirsi) i9780311430604 | ||
| 040 |
_aPE-LiUPU _bspa _cPE-LiUPU _erda |
||
| 049 | _aPRUA | ||
| 082 | 0 | 4 |
_a251.02 _bP82 _221 |
| 100 | 1 |
_aPowell, Paul, _eautor. |
|
| 245 | 1 | 0 |
_aGrandes sermones de la Biblia / _cPaul Powell. |
| 264 | 1 |
_aTexas : _bEditorial Mundo Hispano, _c2009. |
|
| 300 |
_a239 páginas ; _c21 centímetros |
||
| 336 |
_atext _2rdacontent |
||
| 337 |
_aunmediated _2rdamedia |
||
| 338 |
_avolume _2rdacarrier |
||
| 505 | 0 | _aEl regreso de alguien que sufrió una recaída Juan 21:15-17 -- Si los muertos pudieran hablar Lucas 16:19-31 -- La religión de los viejos tiempos, Judas 3 -- Las tres dimensiones del discipulado, Lucas 14:25-33 -- Hacia la cruz y la corona, Lucas 9:23-25 -- El poder de sus pensamientos, Proverbios 23:7 -- El pecado imperdonable, Mateo 12:22-32 -- La vida de toda persona es un plan de Dios, Jeremías 1:4-8 -- El evangelio, el poder de Dios, Romanos 1:16 -- Dedicado para el servicio de Dios, Romanos 12:1, 2 -- O nado o me hundo, Juan 6:67-69 -- Orar: La importancia de la oración, 1 Timoteo 2:18 -- Una vez salvo, siempre salvo. ¿Realidad o ficción? Juan 10:27-29 -- Tres formas de diferenciar entre el bien y el mal, Romanos 14:21-23 -- Llorar: Las lágrimas de Jesús, Lucas 19:41 -- Es tiempo, Eclesiastés 3:1-8 -- Servir -Cosas pequeñas, gente pequeña y poca consideración, Lucas 14:25-33 -- El abecedario de la salvación para los niños, Lucas 2:42-50 -- La segunda venida de Cristo y el fin del mundo, 2 Pedro 3:10-18 -- La decisión más grande de la vida, Josué 24:15 -- La iglesia tibia, Apocalipsis 3:14-20 -- Cristo me ama, bien lo sé, Mateo 19:14 -- Amar: levantar a los caídos, Gálatas 6:1 -- Recobrando su bondad, 1 Juan 1:8-10 -- Sin hacer nada, Santiago 4:17 -- Cómo nos ayuda Dios, 2 Timoteo 4:16-18 -- El magnetismo de la cruz, Juan 12:32. | |
| 526 | _aSEG42 | ||
| 526 | _aSEG41 | ||
| 526 | _aSEG40 | ||
| 526 | _aSEG39 | ||
| 526 | _aP94 | ||
| 526 | _aP87 | ||
| 526 | _aP86 | ||
| 526 | _aP85 | ||
| 526 | _aP77 | ||
| 526 | _aP76 | ||
| 526 | _aP35 | ||
| 541 | _g001-0000607; | ||
| 650 | 0 | 4 | _aPredicación. |
| 700 | 1 |
_aJibaja, Eduardo, _etr. |
|
| 700 | 1 |
_aMatínez, Mario, _eed. |
|
| 910 |
_agl _bjv _cng _d20121024 |
||
| 942 |
_2ddc _cBOOK |
||
| 949 |
_a251.02 P82 _wDEWEY _c1 _i65693 _lCCODEBUL1 _mBUL _p31.00 _r0 _sY _tBOOK _u2015-7-6 _xTEOLOGIA _PP35 _o.STAFF. Colección General |
||
| 994 |
_aC0 _bPEPRU |
||
| 596 | _a1 | ||
| 999 |
_a251.02 P82 _wDEWEY _c54125 _i65693 _d54125 _e2018-11-6 _f2021-11-10 _g5 _lCCODEBUL1 _mBUL _n6 _p31.00 _q4 _r0 _sY _tBOOK _u2015-7-6 _xTEOLOGIA _PP35 _0COMPRA _o.STAFF. Colección Teología |
||
| 980 |
_81 _gALBERTO SANCHEZ Responsable de Automatización |
||